000 00660cam a2200229 a 4500
001 15323372
003 OSt
005 20160408095118.0
008 080610s2008 nyua 000 0 eng
010 _a 2008930734
020 _a9781929355495 (pbk.)
040 _aSEKU
050 0 0 _aPS 3553
_b.C6
100 1 _aCohen, Esther,
_d1947 August 22-
245 1 0 _aGod is a tree and other middle-aged prayers /
_cEsther Cohen.
260 _aNew York :
_bPleasure Boat Studio,
_c2008.
300 _a1 v. (unpaged) :
_bill. ;
650 _2American poetry -- 21st century.
650 _a American poetry.
650 _aMiddle age -- Poetry.
942 _2lcc
_cGEN
999 _c12543
_d12543